| 000 | 00362cam a2200145ua 4500 | ||
|---|---|---|---|
| 041 |
_aeng _h |
||
| 082 |
_a287.94 _bPOT/SY |
||
| 100 | _aPothan, S G . | ||
| 245 |
_aSyrian Christians of Kerala / _cS G Pothan. _hTextual Documents |
||
| 260 |
_aMumbai : _bAsia Publishing House , _c1962. |
||
| 300 | _a119 ; . | ||
| 504 | _a | ||
| 942 | _cBK | ||
| 999 |
_c3502 _d3502 |
||